000 00646nam a2200229Ia 4500
003 OSt
005 20220923220947.0
006 a|||||r|||| 00| 0
007 ta
008 220922b |||||||| |||| 00| 0 hin d
024 _a192,836
037 _cTextual
040 _aARTS
_cARTS
_bhin
041 _2hin
_ahin
082 _aV2:1.C, 152J8
100 _aचतुर्वेदी, घ्रुवनाथ
245 0 _aबौद्ध-भारत
246 _aBauddha-bhārata
260 _c1958
942 _hV2:1.C, 152J8
_cTEXL
_2CC
999 _c345357
_d345357